HEAVY METAL BANDS - Statistics

General Stats
  • This quiz has been taken 51 times
    44 since last reset
  • The average score is 25 of 100
Answer Stats
Albums Band % Correct
Paranoid, Master of Reality Black Sabbath
94%
Kill 'Em All, Ride the Lightning Metallica
89%
Overkill, Ace of Spades Motörhead
86%
Holy Diver, The Last in Line Dio
83%
Powerslave, Seventh Son of a Seventh Son Iron Maiden
80%
Blizzard of Ozz, Diary of a Madman Ozzy Osbourne
80%
Painkiller, Defenders of the Faith Judas Priest
74%
Countdown to Extinction, Peace Sells... But Who's Buying? Megadeth
74%
Show No Mercy, Hell Awaits Slayer
74%
Restless and Wild, Balls to the Wall Accept
66%
Machine Head, Fireball Deep Purple
66%
Hail to England, Kings of Metal Manowar
57%
High 'N' Dry, Pyromania Def Leppard
54%
Walls of Jericho, Keeper of the Seven Keys Part I Helloween
54%
Welcome to Hell, Black Metal Venom
54%
Operation: Mindcrime, The Warning Queensrÿche
51%
Strong Arm of the Law, Denim and Leather Saxon
46%
Angel Witch, Angel of Light Angel Witch
43%
Under the Sign of the Black Mark, The Return... Bathory
43%
Abigail, Conspiracy King Diamond
43%
Don't Break the Oath, Melissa Mercyful Fate
43%
Rising, Long Live Rock 'n' Roll Rainbow
43%
Lightning to the Nations, Borrowed Time Diamond Head
40%
Metal Heath, Condition Critical Quiet Riot
40%
Slave to the Grind, Subhuman Race Skid Row
40%
Taken by Force, Lovedrive Scorpions
37%
Metal on Metal, Forged in Fire Anvil
34%
Hall of the Mountain King, Gutter Ballet Savatage
34%
March of the Saint, Raising Fear Armored Saint
31%
Night of the Stormrider, Burnt Offerings Iced Earth
31%
The Chemical Wedding, Accident of Birth Bruce Dickinson
26%
Heavy Metal Maniac, Violence & Force Exciter
26%
The Dark, Blessing in Disguise Metal Church
26%
Filth Hounds of Hades, This Means War Tank
26%
The Crimson Idol, The Headless Children W.A.S.P.
26%
Lucifuge, How the Gods Kill Danzig
23%
Doomsday for the Deceiver, No Place for Disgrace Flotsam and Jetsam
23%
Meliora, Opus Eponymous Ghost
23%
All for One, Rock Until You Drop Raven
23%
Strange and Beautiful, Transcendence Crimson Glory
20%
Death or Glory, Black Hand Inn Running Wild
20%
Psalm 9, The Skull Trouble
20%
Power and Pain, Insult to Injury Whiplash
20%
Blue Blood, Jealousy X
20%
Awaken the Guardian, The Spectre Within Fates Warning
17%
Excalibur, Knights of the Cross Grave Digger
17%
First Daze Here, Day of Reckoning Pentagram
17%
ThunderSteel, Fire Down Under Riot
17%
Thunder and Lightning, Renegade Thin Lizzy
17%
Never Turn Your Back on a Friend, In for the Kill! Budgie
14%
Satanic Royalty, Rebirth by Blasphemy Midnight
14%
Battle Cry, Warning of Danger Omen
14%
Steel the Light, When the Mirror Cracks Q5
14%
The Missing Link, Welcome to the Other Side Rage
14%
Into the Mirror Black, Refuge Denied Sanctuary
14%
Skeptics Apocalypse, Unstoppable Force Agent Steel
11%
A Sultans Ransom, Resist or Serve Cloven Hoof
11%
Resurrection, Crucible Halford
11%
Hypnosis of Birds, The Nightcomers Holocaust
11%
Ample Destruction, Casting the Stones Jag Panzer
11%
Disillusion, Thunder in the East Loudness
11%
Mystification, Crystal Logic Manilla Road
11%
Court in the Act, Life Sentence Satan
11%
Master of Disguise, After the Fall From Grace Savage Grace
11%
Stronger Than Heaven, Walpurgis Night Stormwitch
11%
Digital Dictator, Welcome to the Ball Vicious Rumors
11%
And the Cannons of Destruction Have Begun... Warlord
11%
Volcanic Rock, Only Want You for Your Body Buffalo
9%
Graceful Inheritance, One Small Voice Heir Apparent
9%
Warlocks Grim & Withered Hags, Coagulating Darkness Hellripper
9%
Master Control, Burn to My Touch Liege Lord
9%
Heresy, Product of Imagination Paradox
9%
Métamorphose, Larmes de héros Sortilège
9%
Night of the Blade, No Remorse Tokyo Blade
9%
Death Penalty, Friends of Hell Witchfinder General
9%
Krov' za krov', Playing With Fire Aria
6%
Volumen brutal, Metalmorfosis Barón Rojo
6%
King of the Dead, One Foot in Hell Cirith Ungol
6%
The Armor of Ire, Ravening Iron Eternal Champion
6%
A Distant Thunder, Nosferatu Helstar
6%
Street Ready, Endangered Species Leatherwolf
6%
Aeronautics, Time to Be King Masterplan
6%
Mythical & Magical, Lords of Hypocrisy Pagan Altar
6%
Metalized, Sweet Dreams Sword
6%
Kawaleria szatana, Dorosłe dzieci Turbo
6%
The Marriage of Heaven and Hell Part Two, Invictus Virgin Steele
6%
Defender of the Crown, Black Death Brocas Helm
3%
Diamonds, From Beyond Enforcer
3%
Satori, Anywhere Flower Travellin' Band
3%
The August Engine, The Locust Years Hammers of Misfortune
3%
Livin' in Hysteria, In Control Heavens Gate
3%
Stronger Than Evil, Death or Glory Heavy Load
3%
Víctimas del vaciamiento, Ácido argentino Hermética
3%
Dragon's Kiss, Future Addict Marty Friedman
3%
Hypertrace, Terminal Earth Scanner
3%
Winter Kill, Free the Beast Slauter Xstroyes
3%
Hardworlder, Atavism Slough Feg
3%
New Dark Age, Lamentations Solstice
3%
Crest of the Martyrs, The Isle of Hydra Twisted Tower Dire
3%
Fit for Fight, Axe to Grind Witch Cross
3%
No matching quizzes found
Score Distribution
Percent of People with Each Score
Percentile by Number Answered
Your Score History
You have not taken this quiz since the last reset